Music Quiz

Random Music or Song Quiz

Songs With Years In Title Quiz Stats

 Plays Quiz not verified by Sporcle

Challenge
Share
Tweet
Embed
Score 0/19 Timer 05:00
0 Plays Today
Song Artist % Correct
Summer Of '69Bryan Adams
87.2%
1999Prince
64.2%
1979Smashing Pumpkins
53.1%
December 1963 (Oh What A Night)The Four Seasons
40.8%
2112Rush
34.6%
1985Bowling For Soup
30.2%
1984Van Halen
29.6%
Pop Song '89R.E.M.
21.8%
In The Year 2525Zager and Evans
20.1%
1984David Bowie
14.5%
Song Artist % Correct
1985 (nineteen hundred and eighty five)Paul McCartney and Wings
9.5%
1921The Who
6.7%
1969The Stooges
6.7%
Los Angeles, November 2019Vangelis
5%
April 29, 1992Sublime
5%
A.D. 1928Styx
4.5%
1963New Order
3.4%
1992Blur
3.4%
1492Counting Crows
2.8%

You're not logged in!

Compare scores with friends on all Sporcle quizzes.
Join for Free
OR
Log In

You Might Also Like...

Show Comments

Extras

Top Quizzes Today


Score Distribution

Your Account Isn't Verified!

In order to create a playlist on Sporcle, you need to verify the email address you used during registration. Go to your Sporcle Settings to finish the process.

Report this User

Report this user for behavior that violates our Community Guidelines.

Details: